01788cam a2200265 a 45000010008000000030004000080050017000120080041000290100017000700200016000870200022001030400017001250500019001420820018001612450098001792600042002773000024003195040051003435050998003946500028013926500026014206500036014466500021014827000019015032976149OSt20230429121232.0920211s1992 nyu b 001 0 eng  a 92007187  a0415906296  a041590630X (PB) : aDLCcLCdDLC00aP94.5.W65.W68 00a302.2/08222000aWomen making meaning: new feminist directions in communication. /c[edited by] Lana F. Rakow. aNew York & London:bRoutledge,c1992. ax, 302 p. ;c24 cm. aIncludes bibliographical references and index. aContents: The Politics of making meaning: The field reconsidered -- Male to female as .... is to ....: a guided tour of five feminist frameworks for communication studies -- The Politics of difference: race, class and women's communication -- Accounting for others: feminism and representation -- Beyond the field's boundaries: Theorizing through the body -- Harassment and everyday life -- The History and structure of women's alternative media -- Pornography's active subordination of women: radical feminists re-claim speech rights -- Women's revolutionary place -- Case studies in making meaning: Big differences on the small screen: race, class, gender, feminine beauty and the characters at Frank's place -- Mary Ann Shadd Cary and the legacy of African-American Women Journalists -- The Contribution of Chinese American Women's identity -- Women's narratives in a New York Puerto Rican community -- Telling stories about reality: Women's responses to a workplace organizing campaign --  0aWomen in communication. 0aWomenxCommunication. 0aCommunicationxSex differences. 0aFeminist theory.1 aRakow, Lana F.